| 000 | 00592 a2200193 4500 | ||
|---|---|---|---|
| 001 | 130842 | ||
| 020 | _a85-224-2106-4 | ||
| 040 | _cLeonardo Da Vinci | ||
| 041 | _aPortuguês | ||
| 082 |
_a513.93 S359m _bS359m |
||
| 100 | _aSHINODA, Carlos | ||
| 245 | _aMatemática Financeira para usuários do Excel | ||
| 250 | _a2.ed | ||
| 260 |
_bAtlas _c1998 _aSão Paulo |
||
| 300 | _a167 | ||
| 362 | _a19980000 | ||
| 697 |
_aMatemática financeira _aMatemática elementar _aPrograma de computador _aCalculadora HP 12C _aMicrosoft Excel _aJuros _aAmortização _aCapitalização _aFIPEN |
||
| 942 | _cBK | ||
| 999 |
_c130842 _d130842 |
||